000 00723nam a2200289Ia 4500
005 20260324113939.0
008 008 260324s9999 xx 000 0 eng d
020 _a9781003457398
037 _aEBOOK
040 _aCRL
040 _beng
040 _cCRL
041 _2eng
041 _aeng
084 _qCRL
100 _aJeremy N. White
_91148812
245 0 _aMake Better Strategic Decisions
245 0 _bHow to Develop Robust Decision-making to Avoid Organisational Disasters
260 _bTaylor and Francis
260 _c2023
365 _a
365 _b230
856 _uhttp://www.taylorfrancis.com/books/9781003457398
942 _cEBOOK
999 _c1738733
_d1738733